| 000 | 00394nam a2200157Ia 4500 | ||
|---|---|---|---|
| 003 | OSt | ||
| 005 | 20230601144132.0 | ||
| 008 | 211028s2013 xx 000 0 und d | ||
| 040 | _cAIMIT LIBRARY | ||
| 041 | _aeng | ||
| 100 |
_aRajan, R Sapna; Kumar, Rakesh. _98462 _e111930 |
||
| 110 |
_aRakesh Kumar _98463 |
||
| 245 | _aPhoto tag designer. | ||
| 260 |
_aMangalore _c2013 |
||
| 942 |
_2ddc _cPRO |
||
| 999 |
_c219900 _d219900 |
||